Ước lượng các yếu tố ảnh hưởng tới lượng tiền vay của doanh nghiệp nhỏ và vừa ở tỉnh Trà Vinh : Luận văn Thạc sĩ Kinh tế. Chuyên ngành Tài chính - Ngân hàng

Phân tích hoạt động tín dụng với doanh nghiệp vừa và nhỏ; các yếu tố ảnh hưởng đến hạn chế tín dụng và đề xuất giải pháp giảm thiểu rủi ro trong hoạt động cho vay với các doanh nghiệp vừa và nhỏ trên địa bàn tỉnh Trà Vinh...

Volledige beschrijving

Bewaard in:
Bibliografische gegevens
Hoofdauteur: Ngô, Trung Hiếu
Formaat: Boek
Taal:Undetermined
Gepubliceerd in: Cần Thơ Trường Đại học Cần Thơ 2016
Onderwerpen:
Tags: Voeg label toe
Geen labels, Wees de eerste die dit record labelt!
Thư viện lưu trữ: Trung tâm Học liệu Trường Đại học Cần Thơ
LEADER 01220nam a2200217Ia 4500
001 CTU_213204
008 210402s9999 xx 000 0 und d
082 |a 332.12 
082 |b H309 
088 |a 60340201 
100 |a Ngô, Trung Hiếu 
245 0 |a Ước lượng các yếu tố ảnh hưởng tới lượng tiền vay của doanh nghiệp nhỏ và vừa ở tỉnh Trà Vinh : 
245 0 |b Luận văn Thạc sĩ Kinh tế. Chuyên ngành Tài chính - Ngân hàng 
245 0 |c Ngô Trung Hiếu ; Võ Thị Thanh Lộc (Cán bộ hướng dẫn) 
260 |a Cần Thơ 
260 |b Trường Đại học Cần Thơ 
260 |c 2016 
520 |a Phân tích hoạt động tín dụng với doanh nghiệp vừa và nhỏ; các yếu tố ảnh hưởng đến hạn chế tín dụng và đề xuất giải pháp giảm thiểu rủi ro trong hoạt động cho vay với các doanh nghiệp vừa và nhỏ trên địa bàn tỉnh Trà Vinh 
650 |a Tín dụng ngân hàng,Bank credit 
904 |i Nguyên 
980 |a Trung tâm Học liệu Trường Đại học Cần Thơ